|
|
|
|
| LEADER |
00000nam a2200000 a 4500 |
| 001 |
vtls009002243 |
| 003 |
SK-MaSNL |
| 005 |
20260302042836.0 |
| 008 |
240314s1990 xn j 000 j mac |
| 020 |
|
|
|q (brož.)
|
| 040 |
|
|
|a SNK
|b slo
|c SNK
|e AACR2
|
| 041 |
1 |
|
|a mac
|h slo
|
| 044 |
|
|
|a xn
|c MK
|
| 072 |
|
7 |
|a 821.162.4-3
|x Slovenská próza
|2 konspekt
|
| 072 |
|
7 |
|a 821-93
|x Literatúra pre deti a mládež
|2 konspekt
|
| 080 |
|
|
|a 821.162.4-32
|2 2001
|
| 080 |
|
|
|a 821-93
|2 2001
|
| 100 |
1 |
|
|a Šikula, Vincent,
|d 1936-2001
|4 aut
|9 103083
|
| 240 |
1 |
0 |
|a Prázdniny so strýcom Rafaelom
|l Macedónsky
|
| 245 |
1 |
0 |
|a Raspust so čičko Rafael
|c Vincent Šikulaf ; [prevel od slovački Stojan Lekoski]
|
| 260 |
|
|
|a Skopje
|b Detska radost
|c 1990
|
| 300 |
|
|
|a 104 s.
|c 21 cm
|
| 655 |
|
7 |
|a slovenské poviedky
|2 SNKPH
|9 70226
|
| 655 |
|
7 |
|a publikácie pre deti a mládež
|2 SNKPH
|9 70541
|
| 700 |
1 |
|
|a Lekoski, Stojan,
|d 1955-
|4 trl
|9 133317
|
| 958 |
|
|
|a OND
|
| 999 |
|
|
|c 1084331
|d 1086261
|
| 952 |
|
|
|a SNK
|b SNK
|y PREZ
|7 0
|p 17A0555259
|o snkSC 128541
|i snk2007/16035
|8 3
|g 4.98
|0 0
|1 0
|4 0
|d 2007-06-26
|l 0
|r 2025-06-17 00:00:00
|w 2026-02-24
|